Tutti i romanzi /
Guardado en:
| Autor Principal: | |
|---|---|
| Formato: | Libro |
| Idioma: | Italian |
| Publicado: |
Verona :
A. Mondadori,
1942.
|
| Edición: | 2. ed. |
| Materias: | |
| Etiquetas: |
Agregar Etiqueta
Sin Etiquetas, Sea el primero en etiquetar este registro!
|
| LEADER | 00462nam a22001695a 4500 | ||
|---|---|---|---|
| 001 | EUN.um045113 | ||
| 003 | AR-BaUNS | ||
| 005 | 20050623122914.0 | ||
| 008 | 041125s1942####it############000#0#ita#d | ||
| 245 | 1 | 0 | |a Tutti i romanzi / |c Luigi Pirandello. |
| 260 | |a Verona : |b A. Mondadori, |c 1942. | ||
| 300 | |a 1343 p. | ||
| 100 | 1 | |a Pirandello, Luigi. | |
| 082 | 0 | 4 | |a 853 |
| 250 | |a 2. ed. | ||
| 653 | |a Novela italiana | ||
| 859 | |a Ar-BaUNS |b BIB. CENTRAL - Sector C |h 853 |i P664-3 |p 73201/975 | ||
